Listening to music creatively /

Guardat en:
Dades bibliogràfiques
Autor principal: Stringham, Edwin John, 1890-
Format: Llibre
Idioma:English
Publicat: Englewood Cliffs, N.J., Prentice-Hall, 1959.
Edició:2d ed.
Matèries:
LEADER 00971nam a22002771a 4500
001 c000122168
003 CARM
005 20011026094830.0
008 730220s1959 njua 000 0 eng
010 |a 59006859 /L/r85 
019 1 |a 26385337  |z 638941  |z 23886842  |5 LACONCORD2021 
035 |a (OCoLC)477149  |5 LACONCORD2021 
040 |a LC  |b eng  |c LC  |d ABN-SNR 
050 0 0 |a MT6  |b .S815 1959 
050 4 |a MT6.S84  |b L5 1959 
082 0 4 |a 780.15 
082 0 4 |a 780.072 
100 1 |a Stringham, Edwin John,  |d 1890- 
245 1 0 |a Listening to music creatively /  |c Edwin John Stringham. 
250 |a 2d ed. 
260 |a Englewood Cliffs, N.J.,  |b Prentice-Hall,  |c 1959. 
300 |a 624 p. :  |b illus. ;  |c 24 cm. 
650 0 |a Music appreciation. 
852 8 |b CARM  |h A2:AE23B0  |i B00215  |p 0012177  |f BK 
999 f f |i ccbde4fa-f43e-5bf6-b9d6-55fde219a622  |s 7f405ffd-a8b8-587b-87fe-5f34a4a540e5 
952 f f |p Can circulate  |a CAVAL  |b CAVAL  |c CAVAL  |d CARM 1 Store  |e B00215  |f A2:AE23B0  |h Other scheme  |i book  |m 0012177